Synonymies- Joie - Statistiques

Statistiques générales
  • Ce quiz a été pris 70 fois
  • Le résultat moyen est 4 sur 18
Statistiques - réponses
Synonyme % Correct
Bonheur
94%
Contentement
44%
Gaieté
38%
Plaisir
34%
Allégresse
25%
Liesse
22%
Béatitude
19%
Satisfaction
17%
Euphorie
16%
Félicité
13%
Bien-être
11%
Ravissement
11%
Enthousiasme
8%
Entrain
8%
Jubilation
6%
Amusement
5%
Agrément
3%
Volupté
2%
Aucun quiz correspondant
Distribution des résultats
% des personnes avec chaque résultat
Percentile par nombre de réponses
Votre historique - résultats
Vous n’avez pas pris ce quiz